Les grandes villes des Pyrénées sur une carte - Statistiques

Statistiques générales
  • Ce quiz a été pris 77 fois
  • Le résultat moyen est 6 sur 8
Réponses sur la Carte
Les réponses sont colorées sur une échelle allant du rouge au vert en fonction du pourcentage des utilisateurs qui les ont devinées à leur premier essai. Vous pouvez retrouver ces pourcentages ci-dessous.
 
Statistiques - réponses
Pays Population Ville % Correct
France 78,620 Pau
95%
France 120,996 Perpignan
95%
Andorre 20,719 Andorre-la-Vielle
87%
France 44,529 Tarbes
87%
France 13,266 Lourdes
72%
France 9,731 Foix
68%
Espagne 208,243 Pampelune
60%
Espagne 54,664 Huesca
19%
Aucun quiz correspondant
Distribution des résultats
% des personnes avec chaque résultat
Percentile par nombre de réponses
Votre historique - résultats
Vous n’avez pas pris ce quiz